000 00738cab a2200241 4500
001 ABS54391
008 090401t1995 xxu||||| |||| 00| 0 eng d
035 _a(Sirsi) u10083
041 _aeng
100 _aBloomer, S.
245 4 _aThe Olympic dream takes shape
260 _c1995
350 _a0
490 _aBuilding Engineer
_vSeptember 1995, 5-8(3)
520 _aConstruction of the Sydney International Aquatic and Athletic Centres are underway in preparation for the 2000 Olympic Games in Sydney Australia.
650 _aOLYMPIC GAMES 2000
650 _aSPORTS ARENAS
650 _aSYDNEY
690 _aBUILDING AND CONSTRUCTION-PROJECTS
690 _aOVERSEAS-REST OF THE WORLD
942 _n0
948 _c04/03/1997
999 _c6336
_d6336